000 01620cam a2200265 b 4500
999 _c346
_d346
001 bimo0001562510
003 BiblioISALUD
005 20190219153945.0
007 ta
008 000705s2003 sp ad ||| ||spa d
020 _a8480888415
020 _a9788480888417
040 _cRCA
082 0 4 _222
_a658.401 3 Am15
100 1 _aAmat i Salas, Joan M.
_9856
245 1 0 _aControl de gestión
_h[Texto impreso]:
_buna perspectiva de dirección /
_cJoan M. Amat
250 _a5ª ed.
260 _aBarcelona:
_bGestión 2000,
_c2003
300 _a260 p.:
_bIl., graf.;
_c23 cm.
504 _aBibliografía: p. 255-260
505 _tEL CONCEPTO DE CONTROL:
_tLa dirección de empresas y la necesidad de control --
_tEvolución del concepto de control de gestión --
_tLOS ASPECTOS FORMALES DE UN SISTEMA DE CONTROL:
_tLa vinculación del sistema de control con la estrategia y la estructura organizativa de la empresa --
_tDiseño de un sistema de control financiero por centros de responsabilidad --
_tEl diseño de un sistema de información financiera para la toma de decisiones y el control de gestión --
_tEl proceso de control mediante un sistema de control financiero --
_tLOS ASPECTOS NO FORMALES DEL CONTROL DE GESTIÓN:
_tEl comportamiento humano y el sistema de control --
_tLa cultura organizativa y el sistema de control --
_tHACIA UNA NUEVA CONCEPCIÓN DEL CONTROL DE GESTIÓN:
_tLimitaciones de un sistema de control financiero --
_tHacia una nueva concepción de los sistema de control
650 1 4 _aControl de gestión
_9666
650 1 4 _aDirección por objetivos
_9857
942 _2ddc
_cLI